Financial and cost accounting for management: The fundamentals of modern accounting techniques (Record no. 23480)

MARC details
000 -LEADER
fixed length control field 00379nam a2200133Ia 4500
082 ## - DEWEY DECIMAL CLASSIFICATION NUMBER
Classification number 657.47
Item number TAY
100 ## - MAIN ENTRY--AUTHOR NAME
Personal name Shearing, H
245 #0 - TITLE STATEMENT
Title Financial and cost accounting for management: The fundamentals of modern accounting techniques
250 ## - EDITION STATEMENT
Edition statement Ed.5
260 ## - PUBLICATION, DISTRIBUTION, ETC. (IMPRINT)
Place of publication London
Name of publisher ELBS
Year of publication 1969
700 ## - ADDED ENTRY--PERSONAL NAME
Personal name Taylor, A H
942 ## - ADDED ENTRY ELEMENTS (KOHA)
Koha item type Books
Holdings
Withdrawn status Lost status Damaged status Not for loan Home library Current library Date acquired Cost, normal purchase price Full call number Accession Number Koha item type
        RRII Library RRII Library 16/12/2021 0.45 657.47 TAY 04178 Books